[Event "GER-chT U14 Girls"]
[Site "Greifswald"]
[Date "2001.12.29"]
[Round "6.4"]
[White "Roth, Katja"]
[Black "Zach, Cora"]
[Result "0-1"]
[WhiteElo "1030"]
[BlackElo "1225"]
[PlyCount "76"]
[EventDate "2001.12.27"]
[EventType "team-swiss"]
[EventRounds "7"]
[EventCountry "GER"]
[SourceTitle "EXT 2003"]
[Source "ChessBase"]
[SourceDate "2002.11.25"]
[SourceVersion "1"]
[SourceVersionDate "2002.11.25"]
[SourceQuality "1"]
[WhiteTeam "Hemer U14 Girls"]
[BlackTeam "Tamm 74 U14 Girls"]
[WhiteTeamCountry "GER"]
[BlackTeamCountry "GER"]

1. e4 e5 2. Nf3 Nc6 3. Bc4 Bc5 4. c3 Nf6 5. d4 exd4 6. cxd4 Bb4+ 7. Bd2 Bxd2+ 8. Nbxd2 d6 9. d5 Ne5 10. 0-0 Bg4 11. h3 Bxf3 12. Nxf3 Nxc4 13. Qa4+ Nd7 14. Qxc4 0-0 15. Nd4 Ne5 16. Qc3 Qh4 17. Qg3 Qxe4 18. Rad1 Qg6 19. Ne2 Qxg3 20. fxg3 Nc4 21. b3 Ne3 22. Rde1 Nxf1 23. Rxf1 c6 24. Nf4 Rad8 25. dxc6 bxc6 26. a4 d5 27. Ne2 d4 28. b4 Rfe8 29. Rf2 d3 30. Nc3 d2 31. Rf1 Re1 32. Kf2 Rxf1+ 33. Kxf1 d1Q+ 34. Nxd1 Rxd1+ 35. Ke2 Rd4 36. Ke3 Rxb4 37. Kd3 Rxa4 38. Kc3 Ra6 0-1

[Event "GER-chT U14 Girls"]
[Site "Greifswald"]
[Date "2001.12.27"]
[Round "2.4"]
[White "Roth, Katja"]
[Black "Wolf, Carolin"]
[Result "0-1"]
[WhiteElo "1030"]
[BlackElo "816"]
[PlyCount "48"]
[EventDate "2001.12.27"]
[EventType "team-swiss"]
[EventRounds "7"]
[EventCountry "GER"]
[SourceTitle "EXT 2003"]
[Source "ChessBase"]
[SourceDate "2002.11.25"]
[SourceVersion "1"]
[SourceVersionDate "2002.11.25"]
[SourceQuality "1"]
[WhiteTeam "Hemer U14 Girls"]
[BlackTeam "Ruedersdorf Glueckauf U14 Girls"]
[WhiteTeamCountry "GER"]
[BlackTeamCountry "GER"]

1. e4 d5 2. Nc3 Nf6 3. e5 d4 4. Bb5+ Bd7 5. Nf3 dxc3 6. dxc3 Ne4 7. 0-0 e6 8. Bd3 Nc5 9. Bc4 Nc6 10. Re1 f6 11. Bf4 fxe5 12. Nxe5 Nxe5 13. Rxe5 Qf6 14. Qd4 Bd6 15. Bg5 Qxe5 16. Qh4 0-0 17. Qg4 Qxh2+ 18. Kf1 Qh1+ 19. Ke2 Qxa1 20. Bh6 Rf7 21. Bg5 Raf8 22. Qh5 Rxf2+ 23. Ke3 Qe1+ 24. Kd4 Qe5# 0-1